000 00903cam a2200241 4500
001 WS114778
008 010921n 000 0 eng u
035 _a(Sirsi) u114778
110 _aDepartment of Agriculture and Rural Development (Northern Ireland)
_94062
245 _aDepartment of Agriculutre and Rural Development
520 _aWeb site for this Northern Ireland government department which looks after agriculture and rural development. Includes statistics, press releases, consultation docuemnts and grants and subsidies.
650 _aGOVERNMENT
650 _aNORTHERN IRELAND
650 _aAGRICULTURE
650 _aRURAL DEVELOPMENT
650 _aCONSULTATION PAPERS
650 _aGRANTS
650 _aSUBSIDIES
650 _aSTATISTICS
690 _aRural
_96268
856 4 0 _uhttps://www.dardni.gov.uk
_zView the website free of charge at www.dardni.gov.uk...
942 _n0
999 _c119913
_d119913